Idealism and economic pragmatism mix in debate over value of liberal arts (Record no. 70034)
[ view plain ]
| 000 -CABECERA | |
|---|---|
| campo de control de longitud fija | 00675nam a2200241 a 4500 |
| 005 - FECHA Y HORA DE LA ÚLTIMA TRANSACCIÓN | |
| campo de control | 20210219153152.0 |
| 008 - ELEMENTOS DE LONGITUD FIJA--INFORMACIÓN GENERAL | |
| campo de control de longitud fija | 991125n 000 0 u |
| 035 ## - NÚMERO DE CONTROL DEL SISTEMA | |
| Número de control de sistema | UPN01000081604 |
| 100 ## - ASIENTO PRINCIPAL--NOMBRE PERSONAL | |
| Nombre de persona | Shea, Christopher |
| 222 ## - TÍTULO CLAVE | |
| Título clave | CHRONICLE OF HIGHER EDUCATION |
| 245 ## - MENCIÓN DE TÍTULO | |
| Título | Idealism and economic pragmatism mix in debate over value of liberal arts |
| 300 ## - DESCRIPCIÓN FÍSICA | |
| Extensión | A16-18 |
| 362 ## - FECHAS DE PUBLICACIÓN Y/O DESIGNACIÓN SECUENCIAL | |
| Fecha de publicación y/o designación secuencial | 39, No. 25, 1993 |
| 505 ## - NOTA DE CONTENIDO CON FORMATO PREESTABLECIDO | |
| Nota de contenido con formato | Julio 1993 |
| 653 0# - TERMINO DE INDIZACION - NO CONTROLADO | |
| Término no controlado | ARTES LIBERALES |
| 653 0# - TERMINO DE INDIZACION - NO CONTROLADO | |
| Término no controlado | CURRICULUM ESCOLAR |
| 653 0# - TERMINO DE INDIZACION - NO CONTROLADO | |
| Término no controlado | ECONOMIA EDUCATIVA |
| 653 0# - TERMINO DE INDIZACION - NO CONTROLADO | |
| Término no controlado | FILOSOFIA EDUCATIVA |
| 653 0# - TERMINO DE INDIZACION - NO CONTROLADO | |
| Término no controlado | PUBLIC POLICY |
| 653 0# - TERMINO DE INDIZACION - NO CONTROLADO | |
| Término no controlado | ROL DE LA ESCUELA |
| 904 ## - ELEMENTOS DE DATOS D LOCAL, LDD (RLIN) | |
| a | AC |
| b | 019415 |
| 905 ## - TIPO DE MATERIAL | |
| Tipo de material | Articulo |
No items available.
